Library Logo

Cancer : oxidative stress and dietary antioxidants / (Record no. 246886)

000 -LEADER
fixed length control field 06472cam a2200673Mi 4500
001 - CONTROL NUMBER
control field ocn871781971
003 - CONTROL NUMBER IDENTIFIER
control field OCoLC
005 - DATE AND TIME OF LATEST TRANSACTION
control field 20190328114807.0
006 - FIXED-LENGTH DATA ELEMENTS--ADDITIONAL MATERIAL CHARACTERISTICS
fixed length control field m o d
007 - PHYSICAL DESCRIPTION FIXED FIELD--GENERAL INFORMATION
fixed length control field cr |n|---|||||
008 - FIXED-LENGTH DATA ELEMENTS--GENERAL INFORMATION
fixed length control field 140306s2014 enk ob 001 0 eng d
040 ## - CATALOGING SOURCE
Original cataloging agency MHW
Language of cataloging eng
Description conventions pn
Transcribing agency MHW
Modifying agency EBLCP
-- OPELS
-- IDEBK
-- N$T
-- YDXCP
-- UKMGB
-- OCLCQ
-- OCLCO
-- OCLCF
-- OCLCQ
-- DEBSZ
-- OCLCO
-- OCLCQ
-- OCLCO
-- OCLCQ
-- MERUC
-- U3W
-- D6H
-- OTZ
-- E7B
-- GZM
-- AU@
-- OCLCQ
-- AUD
016 7# - NATIONAL BIBLIOGRAPHIC AGENCY CONTROL NUMBER
Record control number 016709228
Source Uk
016 7# - NATIONAL BIBLIOGRAPHIC AGENCY CONTROL NUMBER
Record control number 016709712
Source Uk
019 ## -
-- 872652965
-- 878139198
-- 1058198988
020 ## - INTERNATIONAL STANDARD BOOK NUMBER
International Standard Book Number 9780124055247
Qualifying information (electronic bk.)
020 ## - INTERNATIONAL STANDARD BOOK NUMBER
International Standard Book Number 0124055249
Qualifying information (electronic bk.)
020 ## - INTERNATIONAL STANDARD BOOK NUMBER
International Standard Book Number 1306478030
Qualifying information (electronic bk.)
020 ## - INTERNATIONAL STANDARD BOOK NUMBER
International Standard Book Number 9781306478038
Qualifying information (electronic bk.)
020 ## - INTERNATIONAL STANDARD BOOK NUMBER
Canceled/invalid ISBN 9780124052055
035 ## - SYSTEM CONTROL NUMBER
System control number (OCoLC)871781971
Canceled/invalid control number (OCoLC)872652965
-- (OCoLC)878139198
-- (OCoLC)1058198988
050 #4 - LIBRARY OF CONGRESS CALL NUMBER
Classification number RB170
072 #7 - SUBJECT CATEGORY CODE
Subject category code HEA
Subject category code subdivision 039000
Source bisacsh
072 #7 - SUBJECT CATEGORY CODE
Subject category code MED
Subject category code subdivision 014000
Source bisacsh
072 #7 - SUBJECT CATEGORY CODE
Subject category code MED
Subject category code subdivision 022000
Source bisacsh
072 #7 - SUBJECT CATEGORY CODE
Subject category code MED
Subject category code subdivision 112000
Source bisacsh
072 #7 - SUBJECT CATEGORY CODE
Subject category code MED
Subject category code subdivision 045000
Source bisacsh
082 04 - DEWEY DECIMAL CLASSIFICATION NUMBER
Classification number 616.3/9
Edition number 23
100 1# - MAIN ENTRY--PERSONAL NAME
Personal name Preedy, Victor R.
245 10 - TITLE STATEMENT
Title Cancer : oxidative stress and dietary antioxidants /
Medium [electronic resource]
Statement of responsibility, etc. Victor Preedy.
260 ## - PUBLICATION, DISTRIBUTION, ETC. (IMPRINT)
Place of publication, distribution, etc. London :
Name of publisher, distributor, etc. Academic Press,
Date of publication, distribution, etc. �2014.
300 ## - PHYSICAL DESCRIPTION
Extent 1 online resource (325 pages)
336 ## - CONTENT TYPE
Content type term text
Content type code txt
Source rdacontent
337 ## - MEDIA TYPE
Media type term computer
Media type code c
Source rdamedia
338 ## - CARRIER TYPE
Carrier type term online resource
Carrier type code cr
Source rdacarrier
520 ## - SUMMARY, ETC.
Summary, etc. Cancer: Oxidative Stress and Dietary Antioxidants bridges the trans-disciplinary divide and covers in a single volume the science of oxidative stress in cancer and then the potentially therapeutic usage of natural antioxidants in the diet or food matrix. The processes within the science of oxidative stress are described in concert with other processes such as apoptosis, cell signaling, and receptor mediated responses. This approach recognizes that diseases are often multifactorial and that oxidative stress is a single component of this. Oncologists, cancer researchers, and nutritionists are separated by divergent skills and professional disciplines that need to be bridged in order to advance preventative as well as treatment strategies. While oncologists and cancer researchers may study the underlying pathogenesis of cancer, they are less likely to be conversant in the science of nutrition and dietetics. On the other hand, nutritionists and dietitians are less conversant with the detailed clinical background and science of oncology. This book addresses this gap and brings each of these disciplines to bear on the processes inherent in the oxidative stress of cancer.
588 0# - SOURCE OF DESCRIPTION NOTE
Source of description note Print version record.
504 ## - BIBLIOGRAPHY, ETC. NOTE
Bibliography, etc Includes bibliographical references at the end of each chapters and index.
505 0# - FORMATTED CONTENTS NOTE
Formatted contents note Front Cover; Cancer: Oxidative Stress and Dietary Antioxidants; Copyright; Contents; Preface; List of Contributors; Section 1 -- OXIDATIVE STRESS AND CANCER; Chapter 1 -- The Role of Oxidative Stress in Breast Cancer; INTRODUCTION; OXIDATIVE STRESS AS A DRIVER OF BREAST CANCER DEVELOPMENT AND PROGRESSION; OXIDATIVE STRESS RESPONSE AND ADAPTATION MECHANISMS IN BREAST CANCER; INTERESTING FINDINGS, LIMITATIONS, AND FUTURE DIRECTIONS; CONCLUDING REMARKS; SUMMARY POINTS; Acknowledgements; References; Chapter 2 -- Oxidative Stress and Prostate Cancer; INTRODUCTION.
505 8# - FORMATTED CONTENTS NOTE
Formatted contents note CAUSES OF OXIDATIVE STRESS IN PROSTATE CANCERROLE OF OXIDATIVE STRESS IN PATHOGENESIS OF PROSTATE CANCER; PROSTATE CANCER RISK FACTORS AND THEIR LINKS TO OXIDATIVE STRESS; CONCLUSIONS; SUMMARY POINTS; References; Chapter 3 -- Oxidative Stress in Lung Cancer; INTRODUCTION; LUNG CANCER; ETIOLOGY OF LUNG CANCER; TOBACCO SMOKING AND OXIDANTS; SILICA AND OXIDANTS; ASBESTOS AND OXIDANTS; DOMESTIC COOKING AND OXIDANTS; ROLE OF OXIDANTS IN NORMAL PHYSIOLOGY; INFLAMMATION AND OXIDATIVE STRESS; OXIDATIVE STRESS LEADS TO DNA MUTATIONS AND LUNG CANCER; LIPID AND PROTEIN PEROXIDATION.
505 8# - FORMATTED CONTENTS NOTE
Formatted contents note OXIDANT/ANTIOXIDANT DISEQUILIBRIUMANTIOXIDANTS AND LUNG CANCER CHEMOPREVENTION; CONCLUSION; SUMMARY POINTS; References; Chapter 4 -- Oxidative Stress and Stomach Cancer; INTRODUCTION; H. PYLORI AND OXIDATIVE STRESS; ETHANOL; NONSTEROIDAL ANTI-INFLAMMATORY DRUGS AND ASPIRIN; ISCHEMIA/REPERFUSION INJURY; REACTIVE OXYGEN SPECIES; REACTIVE NITROGEN SPECIES; ANTIOXIDANTS AND STOMACH CANCER; CONCLUSION; SUMMARY POINTS; References; Chapter 5 -- The Role of Oxidative Stress in Ovarian Cancer: Implications for the Treatment of Patients; INTRODUCTION; OVARIAN BIOLOGY.
505 8# - FORMATTED CONTENTS NOTE
Formatted contents note COMMON OVARIAN CANCER MUTATIONS LINKED TO ROSANTIOXIDANT MECHANISMS IN THE OVARY; ANTIOXIDANT THERAPIES, OVARIAN CANCER; CONCLUSION; SUMMARY POINTS; References; Chapter 6 -- Role of Oxidative Stress in Human Papillomavirus-Driven Cervical Carcinogenesis; INTRODUCTION; CERVICAL CANCER; HPV STRUCTURE; OXIDATIVE STRESS AND CERVICAL CANCER; CONCLUDING REMARKS; SUMMARY POINTS; References; Chapter 7 -- Inflammation and Oxidative DNA Damage: A Dangerous Synergistic Pathway to Cancer; INTRODUCTION; OXIDATIVE DNA DAMAGE.
505 8# - FORMATTED CONTENTS NOTE
Formatted contents note ROLE OF INFLAMMATION IN INDUCTION OF OXIDATIVE STRESS AND DNA DAMAGE LEADING TO CANCERNONTARGETED EFFECTS, INFLAMMATION, OXIDATIVE STRESS AND DNA DAMAGE; RADIATION-INDUCED INFLAMMATION; CONCLUSION; SUMMARY POINTS; References; Section 2 -- ANTIOXIDANTS AND CANCER; Chapter 8 -- Molecular Approaches Toward Targeted Cancer Therapy with Some Food Plant Products: On the Role of Antioxidants; INTRODUCTION; OXIDATIVE STRESS AND REACTIVE OXYGEN SPECIES (ROS): THE "RUSTING DISORDER"; OXIDATIVE STRESS: DEFINITION, SOURCES, AND CHEMISTRY IN GENERAL; CANCER: DEFINITION AND THE IMPACT OF FOOD AND FOOD HABITS.
546 ## - LANGUAGE NOTE
Language note English.
650 #0 - SUBJECT ADDED ENTRY--TOPICAL TERM
Topical term or geographic name as entry element Oxidative stress.
650 #0 - SUBJECT ADDED ENTRY--TOPICAL TERM
Topical term or geographic name as entry element Antioxidants
General subdivision Therapeutic use.
650 #0 - SUBJECT ADDED ENTRY--TOPICAL TERM
Topical term or geographic name as entry element Cancer
General subdivision Nutritional aspects.
650 #7 - SUBJECT ADDED ENTRY--TOPICAL TERM
Topical term or geographic name as entry element HEALTH & FITNESS
General subdivision Diseases
-- General.
Source of heading or term bisacsh
650 #7 - SUBJECT ADDED ENTRY--TOPICAL TERM
Topical term or geographic name as entry element MEDICAL
General subdivision Clinical Medicine.
Source of heading or term bisacsh
650 #7 - SUBJECT ADDED ENTRY--TOPICAL TERM
Topical term or geographic name as entry element MEDICAL
General subdivision Diseases.
Source of heading or term bisacsh
650 #7 - SUBJECT ADDED ENTRY--TOPICAL TERM
Topical term or geographic name as entry element MEDICAL
General subdivision Evidence-Based Medicine.
Source of heading or term bisacsh
650 #7 - SUBJECT ADDED ENTRY--TOPICAL TERM
Topical term or geographic name as entry element MEDICAL
General subdivision Internal Medicine.
Source of heading or term bisacsh
650 #7 - SUBJECT ADDED ENTRY--TOPICAL TERM
Topical term or geographic name as entry element Antioxidants
General subdivision Therapeutic use.
Source of heading or term fast
Authority record control number (OCoLC)fst00810647
650 #7 - SUBJECT ADDED ENTRY--TOPICAL TERM
Topical term or geographic name as entry element Cancer
General subdivision Nutritional aspects.
Source of heading or term fast
Authority record control number (OCoLC)fst00845407
650 #7 - SUBJECT ADDED ENTRY--TOPICAL TERM
Topical term or geographic name as entry element Oxidative stress.
Source of heading or term fast
Authority record control number (OCoLC)fst01049566
655 #4 - INDEX TERM--GENRE/FORM
Genre/form data or focus term Electronic books.
776 08 - ADDITIONAL PHYSICAL FORM ENTRY
Relationship information Print version:
International Standard Book Number 9780124052055
856 40 - ELECTRONIC LOCATION AND ACCESS
Materials specified ScienceDirect
Uniform Resource Identifier http://www.sciencedirect.com/science/book/9780124052055

No items available.

Last Updated on September 15, 2019
© Dhaka University Library. All Rights Reserved|Staff Login